000 01217 a2200217 4500
001 28947
005 20260407155558.0
008 260407a1985 arg spa d
003 AR-UNSa-BCEJYS
040 _aAR-UNSa-BCEJYS
_bspa
_cAR-UNSa-BCEJYS
080 _a347.13
_xActos legales en general (Nulidad de los actos jurídicos)
245 1 0 _aTratado teórico-práctico de la nulidades
020 _a950-14-0241-X
264 1 _aBuenos Aires :
_bEdiciones Depalma
_c1985
300 _axviii, 549 p.
_c23 cm.
505 _aSección primera: La nulidad de los actos jurídicos en el tiempo y en el espacio: 1. Nociones preliminares - 2. Evolución histórica del derecho aplicable a la nulidad de los actos jurídicos - 3. La nulidad de los actos jurídicos en el derecho comparado -- Sección Segunda: Efectos de la nulidad de los actos jurídicos en el derecho argentino: 1. Efectos propios de la sentencia de nulidad - 2. Principio general del Código Civil Argentino - 3. Efectos de la sentencia de nulidad entre las partes - 4. Efectos de la sentencia de nulidad en relación a terceros
041 _aspa
942 _cBK
590 _aniveau_biblio:m niveau_hierar:0
100 1 _aLloveras de Resk, María Emilia
999 _c1757
_d1757